书目信息 |
| 题名: |
浪漫英语诗歌
|
|
| 作者: | 段方 编著 | |
| 分册: | ||
| 出版信息: | 合肥 安徽科学技术出版社 2002 |
|
| 页数: | 204页 | |
| 开本: | 21cm | |
| 丛书名: | 浪漫英语系列 | |
| 单 册: | ||
| 中图分类: | H319.4:I12 , H319.4 | |
| 科图分类: | ||
| 主题词: | 诗歌--外国--英语--汉语--对照读物 , 诗歌 | |
| 电子资源: | ||
| ISBN: | 7-5337-2396-1 | |
| 000 | 00843oam2 2200265 450 | |
| 001 | 1572554946 | |
| 005 | 20150125200944.17 | |
| 010 | @a7-5337-2396-1@dCNY8.50 | |
| 100 | @a20020624d2002 em y0chiy0110 ea | |
| 101 | 0 | @achi@aeng |
| 102 | @aCN@b340000 | |
| 105 | @aa z 000gy | |
| 200 | 1 | @a浪漫英语诗歌@9lang man ying yu shi ge@e英汉对照@f段方等编著 |
| 210 | @a合肥@c安徽科学技术出版社@d2002 | |
| 215 | @a204页@c图@d21cm | |
| 225 | 2 | @a浪漫英语系列 |
| 330 | @a本书选收了近百首适合英语初学者诵读的短小诗篇,其中包括无情美人回旋曲,长久的爱,当我年轻美丽时,两颗真爱的心的结合等。 | |
| 461 | 0 | @12001 @a浪漫英语系列 |
| 606 | 0 | @a诗歌@y外国@x英语@x汉语@j对照读物 |
| 606 | 0 | @a诗歌 |
| 690 | @aH319.4:I12@v5 | |
| 690 | @aH319.4@v4 | |
| 701 | 0 | @a段方@9duan fang@4编著 |
| 801 | 0 | @aCN@bTSSF@c20150125 |
| 905 | @aZUCC@dH319.4@eJY517 | |
| 浪漫英语诗歌:英汉对照/段方等编著.-合肥:安徽科学技术出版社,2002 |
| 204页:图;21cm.-(浪漫英语系列) |
| ISBN 7-5337-2396-1:CNY8.50 |
| 本书选收了近百首适合英语初学者诵读的短小诗篇,其中包括无情美人回旋曲,长久的爱,当我年轻美丽时,两颗真爱的心的结合等。 |
| ● |
| 相关链接 |
|
|
|
|
正题名:浪漫英语诗歌
索取号:H319.4/JY517
 
预约/预借
| 序号 | 登录号 | 条形码 | 馆藏地/架位号 | 状态 | 备注 |
| 1 | 7839541 | 278395416 | 学院路分馆/ [索取号:H319.4/JY517] | 在馆 | |
| 2 | 7839542 | 278395425 | 学院路分馆/ [索取号:H319.4/JY517] | 在馆 | |
| 3 | 7839543 | 278395434 | 学院路分馆/ [索取号:H319.4/JY517] | 在馆 |